| 000 | 00587nam a2200217Ia 4500 | ||
|---|---|---|---|
| 001 | 1072 | ||
| 003 | GE_BSU | ||
| 008 | 181216s||||||||xx |||||||||||||| ||und|| | ||
| 020 | _a5937720547 | ||
| 040 | _cGE_BSU | ||
| 080 | _a681.3.06(075.8) | ||
| 245 | _aФундаментальные алгоритмы на С++ | ||
| 245 | _bАлгоритмы на графах. | ||
| 245 | _cПер. с англ. | ||
| 260 | _aМосква | ||
| 260 | _c2002 | ||
| 300 | _a496стр. | ||
| 541 | _h50л. | ||
| 653 | _aФундаментальные алгоритмы на С++ | ||
| 942 | _cBK | ||
| 999 |
_c35226 _d35226 |
||